Statistics for Level UP! #2: Productions and establishments

Click here to take the quiz!

General Stats

  • This quiz has been taken 8 times
  • The average score is 9 of 12

Answer Stats

HintAnswer% Correct
Most populous continent in the worldAsia
100%
Capital of AustraliaCanberra
100%
US state where Apple was establishedCalifornia
80%
Place where pizza originatedItaly
80%
Level UP!Level UP!
80%
Level UP!Level UP!
80%
What USA city did rap music originate in?New York City
80%
Smallest city in the worldVatican City
80%
Country with most production of tomatoesChina
60%
Country with most slaveryIndia
60%
State with mass production of corn in the USAIllinois
40%
Ocean bordering AntarcticaSouthern
40%

Score Distribution

Percentile by Number Answered

Percent of People with Each Score

Your Score History

You have not taken this quiz